Hevea brasiliensis coniferaldehyde-5-hydroxylase (HbCAld5H) regulates xylogenesis, structure and lignin chemistry of xylem cell wall in Nicotiana tabacum (Record no. 60304)

MARC details
000 -LEADER
fixed length control field 00728nam a2200241Ia 4500
100 ## - MAIN ENTRY--AUTHOR NAME
Personal name Pramod S
245 #0 - TITLE STATEMENT
Title Hevea brasiliensis coniferaldehyde-5-hydroxylase (HbCAld5H) regulates xylogenesis, structure and lignin chemistry of xylem cell wall in Nicotiana tabacum
260 ## - PUBLICATION, DISTRIBUTION, ETC. (IMPRINT)
Name of publisher Plant Cell Reports
Year of publication 2021
300 ## - PHYSICAL DESCRIPTION
Number of Pages 127-142
500 ## - GENERAL NOTE
General note Source Year: 2021
650 ## - SUBJECT ADDED ENTRY--TOPICAL TERM
Topical Term Cell wall structure
650 ## - SUBJECT ADDED ENTRY--TOPICAL TERM
Topical Term Coniferaldehyde-5-hydroxylase
650 ## - SUBJECT ADDED ENTRY--TOPICAL TERM
Topical Term Lignin
650 ## - SUBJECT ADDED ENTRY--TOPICAL TERM
Topical Term S/G ratio
650 ## - SUBJECT ADDED ENTRY--TOPICAL TERM
Topical Term Xylans
650 ## - SUBJECT ADDED ENTRY--TOPICAL TERM
Topical Term Xylogenesis
700 ## - ADDED ENTRY--PERSONAL NAME
Personal name Kavikishore P.B
700 ## - ADDED ENTRY--PERSONAL NAME
Personal name Rekha K
700 ## - ADDED ENTRY--PERSONAL NAME
Personal name Saha T
856 ## - ELECTRONIC LOCATION AND ACCESS
Uniform Resource Identifier Copy (Published online 2020)
942 ## - ADDED ENTRY ELEMENTS (KOHA)
Koha item type Journals
Holdings
Withdrawn status Lost status Damaged status Not for loan Home library Current library Shelving location Date acquired Serial Enumeration / chronology Koha item type
      Journals RRII Library RRII Library Biotechnology 01/01/2021 Volume 40, Issue 1 Journals